| 000 | 00000nam 2200000za 4500 |
| 001 | 9.677113 |
| 003 | CaOODSP |
| 005 | 20221107134409 |
| 007 | cr ||||||||||| |
| 008 | 150407s2014 onc|||||o f|0| 0 fre d |
| 020 | |a978-0-660-21885-4 |
| 040 | |aCaOODSP|bfre |
| 043 | |an-cn--- |
| 086 | 1 |aCH4-160/2014F-PDF |
| 245 | 00|aÀ la découverte du coeur de la capitale |h[ressource électronique]. |
| 246 | 0 |iSur la page couverture : |aGuide du piéton. |
| 260 | |aOttawa : |bPatrimoine canadien, |cc2014. |
| 300 | |a30 p. : |bphotos. |
| 500 | |aPublié aussi en anglais sous le titre : Discover the heart of the capital. |
| 500 | |aLe n° de catalogue (CH4-160/2014F) et l’ISBN (978-0-660-21906-6) de l'édition imprimée ont été copiés dans l’édition électronique. |
| 691 | 07|aCapitale nationale|2gcpds |
| 710 | 1 |aCanada. |bPatrimoine canadien. |
| 775 | 08|tDiscover the heart of the capital |w(CaOODSP)9.629519 |
| 856 | 40|qPDF|s1.88 Mo|uhttps://publications.gc.ca/collections/collection_2015/pc-ch/CH4-160-2014-fra.pdf |